000 00641nam a22002297a 4500
001 32521
003 UA-OsUOA
005 20220527143722.0
007 ta
008 20050204b un ||||| |||| 00| 0 ukr d
040 _aUA-OsUOA
_brus
_cUA-OsUOA
_dUA-OsUOA
041 _arus
044 _aRU
080 _a821.161.1
090 _a821.161.1
_bР89
245 _aРусская проза XVIII века
_cвступ. статья Г. Макогоненко
260 _aМосква
_bХудожественная литература
_c1971
300 _a720 с.
_bІлюстрації
650 7 _2UDC
942 _cBK
_2udc
955 _a0
999 _c318966
_d318966